| 000 | 00000nam##2200000za#4500 |
| 001 | 9.568179 |
| 003 | CaOODSP |
| 005 | 20240215150447 |
| 007 | cr ||||||||||| |
| 008 | 150406|1989||||xxc|||||o f|0| 0 eng|d |
| 040 | |aCaOODSP|beng |
| 043 | |an-cn--- |
| 086 | 1 |aPS83-3/2E-PDF |
| 110 | 2 |aCorrectional Service Canada. |
| 245 | 10|aPilot implementation of a custody rating scale : |h[electronic resource]|binterim report / |cprepared by Frank J. Porporino ... [et al.]. |
| 260 | |bCorrectional Service Canada |cFebruary 1989. |
| 300 | |a16p.|bgraph, tables |
| 490 | 1 |aResearch report|vR-02 |
| 590 | |a10-09-Supp|b2010-11-02 |
| 720 | 1 |aMotiuk, Laurence L. |
| 720 | 1 |aPorporino, Frank J. |
| 720 | 1 |aLuciani, Frederick P. |
| 720 | 1 |aJohnston, Micheal |
| 720 | 1 |aMainwaring, Brian |
| 775 | 08|tMise en oeuvre pilote de l'échelle de classement par niveau de sécurité : |w(CaOODSP)9.599473 |
| 830 | #0|aResearch report (Correctional Service Canada. Research Branch)|vR-02|w(CaOODSP)9.506063 |
| 856 | 40|ahttp://publications.gc.ca|qPDF|s41 KB|uhttps://publications.gc.ca/collections/collection_2010/scc-csc/PS83-3-2-eng.pdf|yR-02 |